[Event "WYCC Open U12"]
[Site "Porto Carras"]
[Date "2015.10.27"]
[Round "3.5"]
[White "Bjerre, Jonas"]
[Black "Tan, Jun Ying"]
[Result "1/2-1/2"]
[BlackElo "2013"]
[WhiteElo "2193"]
[LiveChessVersion "1.4.6"]

1. e4 {[%clk 1:30:56]} d5 {[%clk 1:30:06]} 2. exd5 {[%clk 1:31:09]} Qxd5
{[%clk 1:30:11]} 3. Nc3 {[%clk 1:31:28]} Qa5 {[%clk 1:29:49]} 4. d4
{[%clk 1:31:41]} Nf6 {[%clk 1:29:14]} 5. Nf3 {[%clk 1:32:00]} c6 {[%clk 1:29:02]}
6. Bc4 {[%clk 1:32:09]} Bf5 {[%clk 1:28:28]} 7. Bd2 {[%clk 1:32:06]} e6
{[%clk 1:27:52]} 8. Qe2 {[%clk 1:29:04]} Bb4 {[%clk 1:25:15]} 9. O-O-O
{[%clk 1:26:19]} O-O 10. a3 {[%clk 1:26:19]} Bxc3 11. Bxc3 Qc7 12. Ne5
{[%clk 1:25:09]} Nd5 {[%clk 1:06:37]} 13. Bd2 {[%clk 1:23:25]} b5
{[%clk 1:03:20]} 14. Bb3 {[%clk 1:22:12]} f6 {[%clk 0:57:26]} 15. Nd3
{[%clk 1:19:24]} Re8 {[%clk 0:54:09]} 16. g4 {[%clk 1:15:52]} Bxd3
{[%clk 0:50:49]} 17. Qxd3 {[%clk 1:16:11]} Nd7 {[%clk 0:49:50]} 18. g5
{[%clk 1:13:57]} f5 {[%clk 0:44:03]} 19. Bxd5 {[%clk 1:13:12]} cxd5
{[%clk 0:43:28]} 20. Qxb5 {[%clk 1:12:39]} Rec8 {[%clk 0:39:58]} 21. Qd3
{[%clk 1:11:14]} Rab8 {[%clk 0:38:46]} 22. Rhe1 {[%clk 1:09:00]} Qb7
{[%clk 0:36:29]} 23. Bc3 {[%clk 1:06:00]} Nb6 {[%clk 0:28:32]} 24. b3
{[%clk 1:03:30]} Qe7 {[%clk 0:26:58]} 25. Bb4 {[%clk 0:54:50]} Qxg5+
{[%clk 0:25:32]} 26. Kb1 {[%clk 0:54:59]} Rc6 {[%clk 0:21:55]} 27. Re2
{[%clk 0:50:16]} Nd7 {[%clk 0:17:53]} 28. Rde1 {[%clk 0:44:30]} Kf7
{[%clk 0:15:15]} 29. Ka2 {[%clk 0:43:22]} Rbc8 {[%clk 0:12:46]} 30. c4
{[%clk 0:36:34]} dxc4 {[%clk 0:06:20]} 31. bxc4 {[%clk 0:35:30]} Rxc4
{[%clk 0:04:28]} 32. Rxe6 {[%clk 0:35:09]} Nf6 {[%clk 0:03:51]} 33. Re7+
{[%clk 0:28:13]} Kg8 {[%clk 0:03:46]} 34. Bc5 {[%clk 0:24:54]} Rc1
{[%clk 0:02:51]} 35. h4 {[%clk 0:08:28]} Qf4 {[%clk 0:01:50]} 36. f3
{[%clk 0:06:18]} Rxe1 {[%clk 0:01:09]} 37. Rxe1 {[%clk 0:06:46]} h6
{[%clk 0:01:19]} 38. Qe3 {[%clk 0:05:44]} Qxe3 {[%clk 0:00:50]} 39. Rxe3
{[%clk 0:06:03]} Rc7 {[%clk 0:00:46]} 40. Re5 {[%clk 0:34:30]} g6
{[%clk 0:30:37]} 41. Re6 {[%clk 0:32:30]} Kf7 {[%clk 0:24:30]} 42. Ra6
{[%clk 0:32:19]} g5 {[%clk 0:23:36]} 43. hxg5 {[%clk 0:29:51]} hxg5
{[%clk 0:23:58]} 44. Rxa7 {[%clk 0:28:20]} Rxa7 {[%clk 0:23:19]} 45. Bxa7
{[%clk 0:28:44]} g4 {[%clk 0:20:15]} 46. fxg4 {[%clk 0:28:59]} fxg4
{[%clk 0:18:45]} 47. Bb8 {[%clk 0:27:30]} Ke6 {[%clk 0:16:09]} 48. a4
{[%clk 0:26:57]} Nd7 {[%clk 0:14:29]} 49. Bg3 {[%clk 0:26:38]} Kd5
{[%clk 0:12:38]} 50. Kb3 {[%clk 0:25:51]} Nc5+ {[%clk 0:11:31]} 1/2-1/2

[Event "WYCC Open U12"]
[Site "Porto Carras"]
[Date "2015.10.27"]
[Round "3.6"]
[White "Subelj, Jan"]
[Black "Henderson De La Fuente, Lance"]
[Result "0-1"]
[BlackElo "2180"]
[WhiteElo "2026"]
[LiveChessVersion "1.4.6"]

1. e4 {[%clk 1:30:31]} c5 {[%clk 1:30:43]} 2. Nf3 {[%clk 1:30:30]} Nc6
{[%clk 1:31:03]} 3. Nc3 {[%clk 1:30:00]} e5 {[%clk 1:30:09]} 4. Bc4
{[%clk 1:30:16]} Be7 {[%clk 1:30:23]} 5. d3 {[%clk 1:30:38]} Nf6 {[%clk 1:30:42]}
6. Nd2 {[%clk 1:29:18]} O-O {[%clk 1:29:42]} 7. Nf1 {[%clk 1:29:42]} d6
{[%clk 1:28:58]} 8. Ne3 {[%clk 1:29:39]} Nd4 {[%clk 1:28:15]} 9. Ncd5
{[%clk 1:28:40]} Nxd5 {[%clk 1:26:51]} 10. Nxd5 {[%clk 1:28:12]} b5
{[%clk 1:25:40]} 11. Nxe7+ {[%clk 1:28:32]} Qxe7 {[%clk 1:26:00]} 12. Bd5
{[%clk 1:28:55]} Bb7 {[%clk 1:26:02]} 13. Bxb7 {[%clk 1:19:47]} Qxb7
{[%clk 1:26:02]} 14. c3 {[%clk 1:19:47]} Ne6 15. O-O d5 {[%clk 1:19:29]} 16. Qg4
{[%clk 1:17:18]} Rfd8 {[%clk 1:11:00]} 17. Be3 {[%clk 1:10:11]} d4
{[%clk 1:08:15]} 18. cxd4 {[%clk 1:10:10]} Nxd4 {[%clk 0:58:38]} 19. Rac1
{[%clk 1:10:29]} Qe7 {[%clk 0:57:51]} 20. Kh1 {[%clk 1:09:13]} Ne6
{[%clk 0:57:23]} 21. Qe2 {[%clk 1:05:48]} Rac8 {[%clk 0:55:02]} 22. g3
{[%clk 0:51:21]} Qb7 {[%clk 0:52:21]} 23. Rfd1 {[%clk 0:45:38]} f6
{[%clk 0:44:58]} 24. f4 {[%clk 0:43:49]} exf4 {[%clk 0:40:54]} 25. gxf4
{[%clk 0:42:47]} c4 {[%clk 0:40:10]} 26. Qg4 {[%clk 0:39:46]} Nf8
{[%clk 0:39:38]} 27. Kg1 {[%clk 0:34:41]} cxd3 {[%clk 0:34:40]} 28. Rxc8
{[%clk 0:34:41]} Rxc8 {[%clk 0:33:22]} 29. Rxd3 {[%clk 0:34:35]} Rc4
{[%clk 0:23:59]} 30. Rd4 {[%clk 0:33:31]} Qb6 {[%clk 0:22:13]} 31. Rd3
{[%clk 0:32:06]} Qc6 {[%clk 0:21:34]} 32. Rd4 {[%clk 0:29:34]} Rxd4
{[%clk 0:21:32]} 33. Bxd4 {[%clk 0:29:54]} Qc1+ {[%clk 0:21:52]} 34. Kg2
{[%clk 0:29:17]} Qc2+ {[%clk 0:21:30]} 35. Kf3 {[%clk 0:29:30]} Qd1+
{[%clk 0:21:44]} 36. Kg3 {[%clk 0:28:54]} Qxd4 {[%clk 0:22:10]} 37. Qe2
{[%clk 0:29:17]} Ng6 {[%clk 0:19:38]} 38. Qxb5 {[%clk 0:29:36]} Qe3+
{[%clk 0:19:51]} 39. Kg2 {[%clk 0:29:57]} Nxf4+ {[%clk 0:19:28]} 40. Kf1
{[%clk 1:00:25]} Qf3+ {[%clk 0:48:46]} 41. Ke1 {[%clk 1:00:50]} Qxe4+
{[%clk 0:49:05]} 42. Kd2 {[%clk 1:01:07]} Qd5+ {[%clk 0:49:05]} 43. Qxd5+
{[%clk 1:01:30]} Nxd5 {[%clk 0:49:34]} 0-1

[Event "WYCC Open U12"]
[Site "Porto Carras"]
[Date "2015.10.27"]
[Round "3.7"]
[White "Hong, Andrew Z"]
[Black "Nogerbek, Kazybek"]
[Result "1/2-1/2"]
[BlackElo "1986"]
[WhiteElo "2136"]
[LiveChessVersion "1.4.6"]

1. e4 {[%clk 1:30:55]} e6 {[%clk 1:30:52]} 2. d4 {[%clk 1:31:07]} d5
{[%clk 1:31:15]} 3. Nc3 {[%clk 1:31:26]} Nf6 {[%clk 1:31:39]} 4. Bg5
{[%clk 1:31:43]} dxe4 {[%clk 1:32:03]} 5. Nxe4 {[%clk 1:31:48]} Nbd7
{[%clk 1:32:27]} 6. Nf3 {[%clk 1:29:48]} h6 {[%clk 1:32:50]} 7. Bh4
{[%clk 1:22:12]} Be7 {[%clk 1:33:02]} 8. Nxf6+ {[%clk 1:19:45]} Bxf6
{[%clk 1:32:39]} 9. Bxf6 {[%clk 1:19:10]} Nxf6 {[%clk 1:33:00]} 10. Bd3
{[%clk 1:17:59]} O-O 11. Qe2 {[%clk 1:17:59]} b6 12. O-O-O Bb7 13. Kb1
{[%clk 1:11:16]} Qe7 {[%clk 1:28:12]} 14. Rhg1 {[%clk 1:08:49]} Nd5
{[%clk 1:26:45]} 15. Qd2 {[%clk 1:04:07]} Qf6 {[%clk 1:24:21]} 16. Ne5
{[%clk 1:01:34]} Rfd8 {[%clk 1:22:20]} 17. g4 {[%clk 0:58:30]} Qg5
{[%clk 1:19:47]} 18. Qe1 {[%clk 0:56:08]} Nf4 {[%clk 1:17:15]} 19. Be4
{[%clk 0:52:49]} Bxe4 {[%clk 1:14:58]} 20. Qxe4 {[%clk 0:52:52]} Nh3
{[%clk 1:11:53]} 21. Rgf1 {[%clk 0:45:51]} Qf4 {[%clk 1:10:26]} 22. Qg2
{[%clk 0:41:38]} Ng5 {[%clk 1:09:27]} 23. Nc6 {[%clk 0:40:09]} Re8
{[%clk 1:05:41]} 24. f3 {[%clk 0:39:45]} f6 {[%clk 1:03:21]} 25. Rde1
{[%clk 0:32:51]} Nf7 {[%clk 1:00:21]} 26. d5 {[%clk 0:31:34]} Qd6
{[%clk 0:54:50]} 27. Rxe6 {[%clk 0:28:48]} Rxe6 {[%clk 0:54:59]} 28. dxe6
{[%clk 0:29:00]} Qxc6 {[%clk 0:55:20]} 29. exf7+ {[%clk 0:29:14]} Kxf7
{[%clk 0:55:46]} 30. Qd2 {[%clk 0:27:32]} Re8 {[%clk 0:54:53]} 31. a3
{[%clk 0:26:24]} a5 {[%clk 0:53:06]} 32. h4 {[%clk 0:26:03]} Qb5 {[%clk 0:49:50]}
33. Rd1 {[%clk 0:25:07]} Qc6 {[%clk 0:48:45]} 34. Qd3 {[%clk 0:25:06]} Re6
{[%clk 0:44:18]} 35. h5 {[%clk 0:22:13]} Rd6 {[%clk 0:37:38]} 36. Qg6+
{[%clk 0:22:02]} Kf8 {[%clk 0:36:36]} 37. Rf1 {[%clk 0:21:15]} Qd7
{[%clk 0:35:09]} 38. Qe4 {[%clk 0:16:27]} Rd1+ {[%clk 0:33:49]} 39. Rxd1
{[%clk 0:16:29]} Qxd1+ {[%clk 0:34:14]} 40. Ka2 {[%clk 0:46:44]} Qd6
{[%clk 1:04:03]} 41. Qf5 {[%clk 0:40:34]} Kf7 {[%clk 1:03:57]} 42. Qg6+
{[%clk 0:40:22]} Kf8 {[%clk 1:03:28]} 43. Qf5 {[%clk 0:40:11]} Kf7
{[%clk 1:03:53]} 44. Qg6+ {[%clk 0:38:00]} Kf8 {[%clk 1:03:41]} 45. Qf5
{[%clk 0:37:21]} Kf7 {[%clk 1:03:56]} 1/2-1/2

[Event "WYCC Open U12"]
[Site "Porto Carras"]
[Date "2015.10.27"]
[Round "3.8"]
[White "Muradli, Mahammad"]
[Black "Huang, Renjie"]
[Result "1-0"]
[BlackElo "1983"]
[WhiteElo "2121"]
[LiveChessVersion "1.4.6"]

1. d4 {[%clk 1:30:35]} d5 {[%clk 1:30:50]} 2. Nf3 {[%clk 1:31:02]} e6
{[%clk 1:31:15]} 3. c4 {[%clk 1:31:26]} Nf6 {[%clk 1:31:40]} 4. Nc3
{[%clk 1:31:51]} c5 {[%clk 1:32:07]} 5. cxd5 {[%clk 1:32:05]} Nxd5
{[%clk 1:32:33]} 6. e4 {[%clk 1:31:40]} Nxc3 {[%clk 1:32:58]} 7. bxc3
{[%clk 1:32:00]} Nc6 {[%clk 1:33:25]} 8. d5 {[%clk 1:27:21]} Ne7 {[%clk 1:32:52]}
9. Bb5+ {[%clk 1:26:44]} Bd7 {[%clk 1:32:58]} 10. dxe6 {[%clk 1:22:48]} fxe6
{[%clk 1:32:00]} 11. Bxd7+ Qxd7 {[%clk 1:32:00]} 12. Qb3 Qd3 13. Be3
{[%clk 1:12:01]} c4 {[%clk 1:28:01]} 14. Qb2 {[%clk 0:59:38]} Rd8
{[%clk 1:24:44]} 15. Rc1 {[%clk 0:58:19]} g6 {[%clk 1:22:52]} 16. Qb5+
{[%clk 0:56:04]} Qd7 {[%clk 1:18:07]} 17. Qxc4 {[%clk 0:56:08]} Bg7
{[%clk 1:18:29]} 18. Ng5 {[%clk 0:54:54]} Rc8 {[%clk 1:18:14]} 19. Qb3
{[%clk 0:52:33]} Qd3 {[%clk 1:15:23]} 20. c4 {[%clk 0:52:45]} Qxb3
{[%clk 1:15:43]} 21. axb3 {[%clk 0:53:12]} Rc6 {[%clk 1:16:06]} 22. O-O
{[%clk 0:52:38]} O-O {[%clk 1:16:06]} 23. Rcd1 {[%clk 0:52:33]} Nc8
{[%clk 1:14:12]} 24. Rd7 {[%clk 0:50:14]} h6 {[%clk 1:14:24]} 25. Nf3
{[%clk 0:50:28]} Nd6 {[%clk 1:14:05]} 26. e5 {[%clk 0:45:05]} Nf5
{[%clk 1:13:21]} 27. Bxa7 {[%clk 0:44:54]} Rf7 {[%clk 1:12:19]} 28. Rxf7
{[%clk 0:44:19]} Kxf7 {[%clk 1:12:48]} 29. g4 {[%clk 0:44:24]} Ne7
{[%clk 1:13:13]} 30. Ra1 {[%clk 0:43:31]} Rc7 {[%clk 1:12:59]} 31. Rd1
{[%clk 0:24:03]} b5 {[%clk 1:12:58]} 32. Bb6 {[%clk 0:23:23]} Rc6
{[%clk 1:12:54]} 33. c5 {[%clk 0:18:30]} Nd5 {[%clk 1:12:30]} 34. Ra1
{[%clk 0:18:33]} Nxb6 {[%clk 1:12:21]} 35. Ra7+ {[%clk 0:18:56]} Kg8
{[%clk 1:12:25]} 36. Nd4 {[%clk 0:18:41]} Rxc5 {[%clk 1:11:51]} 37. Rxg7+
{[%clk 0:19:00]} Kxg7 {[%clk 1:10:05]} 38. Nxe6+ {[%clk 0:18:12]} Kf7
{[%clk 1:10:30]} 39. Nxc5 {[%clk 0:18:34]} g5 {[%clk 1:10:56]} 40. Kg2
{[%clk 0:48:23]} Nd5 {[%clk 1:41:17]} 41. Kf3 {[%clk 0:47:35]} Nf4
{[%clk 1:38:28]} 42. Ke4 {[%clk 0:47:24]} Ne2 {[%clk 1:36:42]} 43. Nd3
{[%clk 0:45:28]} Ke6 {[%clk 1:32:19]} 44. f4 {[%clk 0:45:39]} Nc3+
{[%clk 1:32:42]} 45. Kd4 {[%clk 0:46:03]} Ne2+ {[%clk 1:33:08]} 46. Ke3
{[%clk 0:46:25]} Nc3 {[%clk 1:33:33]} 47. f5+ {[%clk 0:46:51]} Kd5
{[%clk 1:33:59]} 48. f6 {[%clk 0:45:33]} Ke6 {[%clk 1:29:56]} 49. Nc5+
{[%clk 0:45:56]} Kf7 {[%clk 1:30:12]} 50. Kd4 {[%clk 0:46:16]} Nd1
{[%clk 1:29:15]} 51. h3 {[%clk 0:45:58]} b4 {[%clk 1:16:22]} 52. Kd5
{[%clk 0:45:47]} Nc3+ {[%clk 1:16:25]} 53. Kd6 {[%clk 0:45:57]} Nb5+
{[%clk 1:16:50]} 54. Kd7 {[%clk 0:46:21]} Nd4 {[%clk 1:17:17]} 55. e6+
{[%clk 0:46:37]} Nxe6 {[%clk 1:17:39]} 56. Nxe6 {[%clk 0:47:04]} Kxf6
{[%clk 1:18:00]} 57. Kd6 {[%clk 0:47:30]} Kg6 {[%clk 1:18:20]} 58. Nc5
{[%clk 0:47:51]} h5 {[%clk 1:18:44]} 59. Nd3 {[%clk 0:48:17]} Kg7
{[%clk 1:18:32]} 60. Nxb4 {[%clk 0:48:41]} hxg4 {[%clk 1:18:53]} 61. hxg4
{[%clk 0:49:09]} Kf8 {[%clk 1:19:19]} 62. Kd7 {[%clk 0:49:34]} Kf7
{[%clk 1:19:44]} 63. Nd3 {[%clk 0:50:00]} Kf6 {[%clk 1:20:09]} 64. b4
{[%clk 0:50:28]} Kf7 {[%clk 1:20:35]} 65. b5 {[%clk 0:50:55]} Kf6
{[%clk 1:21:01]} 66. b6 {[%clk 0:51:20]} Kg6 {[%clk 1:21:24]} 67. b7
{[%clk 0:51:47]} Kf7 {[%clk 1:21:49]} 68. b8=Q {[%clk 0:52:12]} Kg7
{[%clk 1:22:16]} 69. Ke7 {[%clk 0:52:32]} Kg6 {[%clk 1:22:43]} 70. Ne5+
{[%clk 0:52:56]} Kg7 {[%clk 1:23:06]} 71. Qf8+ {[%clk 0:53:19]} Kh7
{[%clk 1:23:29]} 72. Qf7+ {[%clk 0:53:44]} Kh8 {[%clk 1:23:55]} 73. Ng6#
{[%clk 0:54:10]} 1-0

[Event "WYCC Open U12"]
[Site "Porto Carras"]
[Date "2015.10.27"]
[Round "3.10"]
[White "Ahmadzada, Ahmad"]
[Black "Martinez, Cristian Camilo"]
[Result "1-0"]
[BlackElo "1918"]
[WhiteElo "2107"]
[LiveChessVersion "1.4.6"]

1. e4 {[%clk 1:30:57]} c5 2. Nf3 {[%clk 1:31:20]} e6 {[%clk 1:31:07]} 3. d4
{[%clk 1:31:43]} cxd4 {[%clk 1:31:28]} 4. Nxd4 {[%clk 1:32:08]} a6
{[%clk 1:31:17]} 5. Nc3 {[%clk 1:32:29]} Qc7 {[%clk 1:31:22]} 6. g3
{[%clk 1:32:53]} b5 {[%clk 1:31:28]} 7. a3 {[%clk 1:32:09]} Bb7 {[%clk 1:31:11]}
8. Bg2 {[%clk 1:32:31]} Nf6 {[%clk 1:30:41]} 9. O-O {[%clk 1:32:23]} Be7
{[%clk 1:30:36]} 10. f4 {[%clk 1:31:58]} d6 {[%clk 1:29:16]} 11. g4
{[%clk 1:30:45]} Nc6 {[%clk 1:27:21]} 12. Nb3 {[%clk 1:30:02]} h6
{[%clk 1:25:52]} 13. Be3 h5 {[%clk 1:09:43]} 14. h3 {[%clk 1:16:42]} hxg4
{[%clk 1:07:26]} 15. hxg4 {[%clk 1:17:04]} Nd7 {[%clk 1:07:36]} 16. Qe2
{[%clk 1:15:58]} Nb6 {[%clk 1:05:55]} 17. Rad1 {[%clk 1:11:30]} Nc4
{[%clk 1:06:07]} 18. Bc1 {[%clk 1:10:40]} Bh4 {[%clk 1:04:14]} 19. Rf3
{[%clk 1:05:43]} Qb6+ {[%clk 0:58:50]} 20. Kf1 {[%clk 1:06:00]} a5
{[%clk 0:58:45]} 21. Be3 {[%clk 0:59:16]} Nxe3+ {[%clk 0:54:11]} 22. Qxe3
{[%clk 0:59:36]} Qxe3 {[%clk 0:54:37]} 23. Rxe3 {[%clk 0:59:36]} Ba6
{[%clk 0:55:02]} 24. Rxd6 {[%clk 0:49:14]} b4+ {[%clk 0:55:05]} 25. Ne2
{[%clk 0:48:59]} a4 {[%clk 0:46:13]} 26. e5 {[%clk 0:43:52]} Bb5 {[%clk 0:46:15]}
27. c4 {[%clk 0:39:47]} bxc3 {[%clk 0:45:43]} 28. Rxc3 {[%clk 0:39:43]} axb3
{[%clk 0:42:19]} 29. Bxc6+ {[%clk 0:39:37]} Bxc6 {[%clk 0:42:33]} 30. Rdxc6
{[%clk 0:39:59]} Rb8 {[%clk 0:40:00]} 31. Rc8+ {[%clk 0:40:08]} Rxc8
{[%clk 0:40:26]} 32. Rxc8+ {[%clk 0:40:20]} Bd8 {[%clk 0:40:54]} 33. Rb8
{[%clk 0:39:35]} Rh3 {[%clk 0:39:10]} 34. Nd4 {[%clk 0:39:40]} Kd7
{[%clk 0:39:33]} 35. Rxb3 {[%clk 0:40:02]} Rxb3 {[%clk 0:39:44]} 36. Nxb3
{[%clk 0:40:18]} Kc6 {[%clk 0:40:01]} 37. Ke2 {[%clk 0:40:43]} Kb5
{[%clk 0:40:20]} 38. Kd3 {[%clk 0:40:59]} Bh4 {[%clk 0:40:25]} 39. Nc1
{[%clk 0:39:41]} Kc5 {[%clk 0:39:47]} 40. Ne2 {[%clk 1:09:56]} Be1
{[%clk 1:09:35]} 41. b4+ {[%clk 1:09:26]} Kb5 {[%clk 1:09:24]} 42. Nc3+
{[%clk 1:09:44]} Kb6 {[%clk 1:09:43]} 43. Kc4 {[%clk 1:09:58]} Bd2
{[%clk 1:09:27]} 44. Ne2 {[%clk 1:10:19]} g5 {[%clk 1:09:43]} 45. fxg5
{[%clk 1:10:39]} Bxg5 {[%clk 1:10:08]} 46. a4 {[%clk 1:11:00]} Bh6
{[%clk 1:10:19]} 47. a5+ {[%clk 1:11:03]} Kb7 {[%clk 1:10:10]} 48. Nd4
{[%clk 1:10:22]} Bf4 {[%clk 1:09:56]} 49. b5 {[%clk 1:08:39]} Bxe5
{[%clk 1:09:07]} 50. Nc6 {[%clk 1:08:53]} Bf6 {[%clk 1:06:49]} 51. Kc5
{[%clk 1:08:59]} Bh4 {[%clk 1:03:36]} 52. a6+ {[%clk 1:08:47]} Kc8
{[%clk 1:03:51]} 53. b6 {[%clk 1:09:06]} Bf2+ {[%clk 1:04:14]} 54. Kb5
{[%clk 1:09:29]} f6 {[%clk 1:03:39]} 55. b7+ {[%clk 1:09:44]} Kc7
{[%clk 1:03:54]} 56. b8=Q+ {[%clk 1:10:03]} 1-0

[Event "WYCC Open U12"]
[Site "Porto Carras"]
[Date "2015.10.27"]
[Round "3.11"]
[White "Lukin, Elisha"]
[Black "Gharibyan, Mamikon"]
[Result "1/2-1/2"]
[BlackElo "2106"]
[WhiteElo "1995"]
[LiveChessVersion "1.4.6"]

1. d4 {[%clk 1:30:55]} Nf6 {[%clk 1:30:55]} 2. c4 {[%clk 1:31:20]} e6
{[%clk 1:31:21]} 3. Nc3 {[%clk 1:31:42]} Bb4 {[%clk 1:31:46]} 4. Nf3
{[%clk 1:32:08]} c5 {[%clk 1:31:48]} 5. e3 {[%clk 1:32:29]} d5 {[%clk 1:30:56]}
6. Bd3 {[%clk 1:31:31]} O-O {[%clk 1:30:40]} 7. O-O {[%clk 1:31:50]} Nc6
{[%clk 1:31:05]} 8. a3 {[%clk 1:30:58]} Bxc3 {[%clk 1:31:29]} 9. bxc3
{[%clk 1:31:21]} dxc4 {[%clk 1:30:47]} 10. Bxc4 {[%clk 1:30:51]} Qc7
{[%clk 1:31:12]} 11. Bd3 {[%clk 1:30:44]} e5 {[%clk 1:27:15]} 12. dxe5
{[%clk 1:22:40]} Nxe5 {[%clk 1:27:15]} 13. Nxe5 {[%clk 1:22:40]} Qxe5
{[%clk 1:27:15]} 14. Bb2 {[%clk 1:22:40]} Bd7 15. Qc2 h6 {[%clk 1:18:13]} 16. c4
{[%clk 1:22:24]} Qe7 {[%clk 1:17:57]} 17. e4 {[%clk 1:21:57]} Bc6
{[%clk 0:52:55]} 18. Rae1 {[%clk 1:20:28]} Rad8 {[%clk 0:43:35]} 19. e5
{[%clk 1:19:11]} Ne8 {[%clk 0:43:58]} 20. f4 {[%clk 1:18:58]} Qd7
{[%clk 0:42:48]} 21. Rd1 {[%clk 1:17:43]} Qc7 {[%clk 0:40:40]} 22. f5
{[%clk 1:17:08]} f6 {[%clk 0:40:40]} 23. Rde1 {[%clk 1:15:18]} fxe5
{[%clk 0:40:31]} 24. Bxe5 {[%clk 1:15:18]} Qd7 {[%clk 0:40:48]} 25. Re3
{[%clk 1:11:11]} Nf6 {[%clk 0:37:49]} 26. Rg3 {[%clk 1:09:16]} b6
{[%clk 0:31:58]} 27. Rf4 {[%clk 1:02:06]} Qe7 {[%clk 0:24:20]} 28. Qc3
{[%clk 0:55:39]} Rde8 {[%clk 0:23:39]} 29. Re3 {[%clk 0:52:54]} Nd7
{[%clk 0:21:52]} 30. Be4 {[%clk 0:49:01]} Qxe5 {[%clk 0:07:08]} 31. Bd5+
{[%clk 0:49:25]} Bxd5 {[%clk 0:07:33]} 32. Rxe5 {[%clk 0:49:46]} Rxe5
{[%clk 0:07:58]} 33. cxd5 {[%clk 0:49:59]} Rxd5 {[%clk 0:08:07]} 34. Qb3
{[%clk 0:47:04]} Nf6 {[%clk 0:08:32]} 35. h3 {[%clk 0:47:22]} Re8
{[%clk 0:07:31]} 36. Ra4 {[%clk 0:42:47]} Re7 {[%clk 0:06:49]} 37. Kh2
{[%clk 0:42:00]} Kh8 {[%clk 0:06:09]} 38. Qg3 {[%clk 0:42:02]} Rxf5
{[%clk 0:04:09]} 39. Rxa7 {[%clk 0:40:13]} Rxa7 {[%clk 0:04:34]} 40. Qb8+
{[%clk 1:10:36]} Kh7 {[%clk 0:34:59]} 41. Qxa7 {[%clk 1:10:58]} b5
{[%clk 0:35:21]} 42. Qa5 {[%clk 1:09:18]} c4 {[%clk 0:34:58]} 43. a4
{[%clk 1:09:12]} Rc5 {[%clk 0:33:46]} 44. axb5 {[%clk 1:08:53]} c3
{[%clk 0:33:40]} 45. Qb4 {[%clk 1:09:18]} Rc8 {[%clk 0:33:51]} 46. Qf4
{[%clk 1:07:48]} Kg6 {[%clk 0:31:27]} 47. b6 {[%clk 1:03:43]} c2 {[%clk 0:31:54]}
48. b7 {[%clk 1:03:54]} c1=Q {[%clk 0:31:13]} 49. Qxc1 {[%clk 1:04:15]} Rxc1
{[%clk 0:31:39]} 50. b8=Q {[%clk 1:04:33]} Rc5 {[%clk 0:30:58]} 1/2-1/2

[Event "WYCC Open U12"]
[Site "Porto Carras"]
[Date "2015.10.27"]
[Round "3.12"]
[White "Kacharava, Nikolozi"]
[Black "Nihal, Sarin"]
[Result "1-0"]
[BlackElo "2096"]
[WhiteElo "1956"]
[LiveChessVersion "1.4.6"]

1. e4 {[%clk 1:30:54]} c5 {[%clk 1:30:43]} 2. Nf3 {[%clk 1:31:16]} d6
{[%clk 1:31:08]} 3. d4 {[%clk 1:31:35]} cxd4 {[%clk 1:31:32]} 4. Qxd4
{[%clk 1:31:47]} a6 {[%clk 1:31:35]} 5. c4 {[%clk 1:32:09]} Nc6 {[%clk 1:32:01]}
6. Qe3 {[%clk 1:32:33]} g6 {[%clk 1:32:13]} 7. h3 {[%clk 1:32:52]} Bg7
{[%clk 1:32:34]} 8. Be2 {[%clk 1:33:05]} Nf6 {[%clk 1:32:37]} 9. Nc3
{[%clk 1:33:29]} O-O {[%clk 1:32:59]} 10. O-O {[%clk 1:33:48]} Bd7
{[%clk 1:28:54]} 11. Rb1 {[%clk 1:32:14]} Ne8 {[%clk 1:21:27]} 12. b3 f5
{[%clk 1:02:45]} 13. Bb2 {[%clk 1:18:56]} f4 {[%clk 0:46:53]} 14. Qd2
{[%clk 1:14:47]} Ne5 {[%clk 0:39:46]} 15. Nd5 {[%clk 1:03:23]} Nxf3+
{[%clk 0:27:10]} 16. Bxf3 {[%clk 1:03:23]} Bxb2 {[%clk 0:27:26]} 17. Rxb2
{[%clk 1:02:26]} e5 {[%clk 0:25:56]} 18. a4 {[%clk 0:55:26]} a5 {[%clk 0:19:26]}
19. Rd1 {[%clk 0:50:05]} h5 {[%clk 0:15:28]} 20. Nc3 {[%clk 0:43:18]} b6
{[%clk 0:15:06]} 21. Qd5+ {[%clk 0:37:32]} Kg7 {[%clk 0:15:27]} 22. Rbd2
{[%clk 0:32:59]} Kh6 {[%clk 0:14:11]} 23. Nb5 {[%clk 0:30:54]} Bxb5
{[%clk 0:14:32]} 24. cxb5 {[%clk 0:27:09]} Qc8 {[%clk 0:13:57]} 25. Re2
{[%clk 0:20:47]} Ra7 {[%clk 0:11:29]} 26. Ree1 {[%clk 0:16:59]} Rc7
{[%clk 0:11:45]} 27. Qd2 {[%clk 0:16:39]} Kg7 {[%clk 0:07:31]} 28. Rc1
{[%clk 0:16:24]} Rff7 {[%clk 0:07:41]} 29. Be2 {[%clk 0:15:22]} Rxc1
{[%clk 0:05:33]} 30. Rxc1 {[%clk 0:14:45]} Rc7 {[%clk 0:05:58]} 31. Rxc7+
{[%clk 0:14:51]} Qxc7 {[%clk 0:06:21]} 32. Qd5 {[%clk 0:12:23]} Qc1+
{[%clk 0:03:30]} 33. Bf1 {[%clk 0:11:46]} Qc5 {[%clk 0:03:20]} 34. Qe6
{[%clk 0:11:45]} Nc7 {[%clk 0:01:53]} 35. Qe7+ {[%clk 0:11:59]} Kh6
{[%clk 0:01:42]} 36. Qf8+ {[%clk 0:11:00]} Kg5 {[%clk 0:01:58]} 37. Qe7+
{[%clk 0:11:14]} Kh6 {[%clk 0:02:24]} 38. Bc4 {[%clk 0:07:56]} 1-0